Honesty in the City

Hry dôvery a skúmanie ich uplatnenia v teréne na príklade trhu s taxíkmi v Mexico City.

Saved in:
Bibliographic Details
Main Author: Dufwenberg, Martin
Other Authors: Feldman, Paul, Servátka, Maroš, 1976-, Tarrasó, Jorge, Vadovič, Radovan
Format: Book Chapter
Language:English
Subjects:
Tags: Add Tag
No Tags, Be the first to tag this record!

MARC

LEADER 00000naa a2200000 4500
001 0297036
005 20240502083958.3
041 0 |a eng 
044 |a US 
245 1 0 |a Honesty in the City  |c Martin Dufwenberg, Paul Feldman, Maroš Servátka, Jorge Tarrasó, Radovan Vadovič 
520 |a Hry dôvery a skúmanie ich uplatnenia v teréne na príklade trhu s taxíkmi v Mexico City. 
610 2 0 |a hry ekonomické 
610 2 0 |a experimenty 
610 2 0 |a doprava 
610 2 0 |a ceny 
610 2 0 |a dôvera 
610 2 0 |a preferencie 
610 2 0 |a reciprocita 
610 2 0 |a zákazníci 
610 2 0 |a vodiči 
610 2 0 |a mestá 
610 2 0 |a Mexiko 
100 1 |a Dufwenberg, Martin 
700 1 |a Feldman, Paul 
700 1 |a Servátka, Maroš, 1976- 
700 1 |a Tarrasó, Jorge 
700 1 |a Vadovič, Radovan